| 000 | 00472nam a22001697a 4500 | ||
|---|---|---|---|
| 999 |
_c525124 _d525124 |
||
| 003 | NUST | ||
| 038 | _awaseem | ||
| 082 |
_a891.424 _bGHU |
||
| 100 |
_aGhuman, Ilyas _915819 |
||
| 245 |
_aMera kola khali kiyon? / _cIlyas Ghuman |
||
| 260 |
_aLahore : _bM S and Ishtiaq printers, _c2001. |
||
| 300 | _aill. 112 p. ; | ||
| 500 | _ahardcover. | ||
| 880 |
_6100-01\r _aالیاس گُھمن |
||
| 880 |
_6245-02\r _aمیرا کولا خالی کیوں؟ / |
||
| 942 |
_2ddc _cBK |
||